Loading...
| Mythology | 0 | 9 | 1 | 0 | 85 | 20 | 42.11 | 9 | 9 | 55.54 | 79.55 |
| History - American | 0 | 5 | 0 | 2 | 50 | 64 | 96.60 | 2 | 3 | 10.62 | 25.00 |
| Religion | 0 | 2 | 0 | 0 | 20 | 46 | 47.50 | 2 | 2 | 10.80 | 18.18 |
| Literature - British | 0 | 2 | 0 | 0 | 20 | 79 | 80.50 | 2 | 2 | 7.98 | 18.18 |
| Fine Arts - Painting and Sculpture | 0 | 2 | 0 | 0 | 20 | 80 | 83.00 | 1 | 2 | 6.40 | 15.91 |
| Philosophy | 0 | 2 | 0 | 1 | 20 | 77 | 101.00 | 1 | 1 | 2.73 | 6.82 |
| History - Other | 0 | 2 | 1 | 0 | 15 | 86 | 101.50 | 2 | 2 | 2.79 | 15.15 |
| Social Science | 0 | 1 | 0 | 0 | 10 | 66 | 66.00 | 1 | 1 | 3.48 | 9.09 |
| Literature - American | 0 | 1 | 0 | 0 | 10 | 94 | 94.00 | 0 | 1 | 2.76 | 4.55 |
| Literature - European | 0 | 1 | 0 | 0 | 10 | 118 | 118.00 | 0 | 1 | 1.37 | 4.55 |
| Science - Chemistry | 0 | 1 | 0 | 1 | 10 | 127 | 127.00 | 0 | 1 | 0.00 | 2.27 |
| Other Academic | 0 | 0 | 1 | 0 | -5 | 0.00 | 0 | 0 | 0.00 | 0.00 | |
| History - World | 0 | 0 | 1 | 0 | -5 | 0.00 | 0 | 0 | 0.00 | 0.00 | |
| History - European | 0 | 0 | 1 | 0 | -5 | 0.00 | 0 | 0 | 0.00 | 0.00 | |
| Fine Arts - Classical Music | 0 | 0 | 1 | 0 | -5 | 0.00 | 0 | 0 | 0.00 | 0.00 | |
| Science - Other | 0 | 0 | 1 | 0 | -5 | 0.00 | 0 | 0 | 0.00 | 0.00 | |
| Literature - World | 0 | 0 | 1 | 0 | -5 | 0.00 | 0 | 0 | 0.00 | 0.00 |